Quizzes
Events
Quiz Creation
Community
Videos
Private Events
Remove Ads
Sign In
Join for FREE
Feedback
Dark Mode
Quiz Categories
Sports
Geography
Music
Movies
Television
Just For Fun
Miscellaneous
History
Literature
Language
Science
Gaming
Entertainment
Religion
Holiday
For Kids
Quiz Lab
Recent
Popular Today
Quiz Kudos Today
Editor Picks
Curator Picks
Quizzes by...
Day
Popularity
Type
Ratings
Length
Year
Community
Subscriptions
Recent Discussions
Orange Saloon
Badges
Playlists
Quests
Create
Leaderboards
Showdown
Live 5
Trivia Bingo
Activity
Puzzle Library
Sporcle Events
Private Events
Virtual Trivia
Globe League
Become a Host
Pub Owners
SporcleCon
Opinionation
Our Games
Videos
Blog
Mobile Apps
Partnerships
Remove Ads and Go Orange
Feedback
Sports
Athletes
MLB
NBA
NHL
NFL
Soccer
Sports Teams
WWE
NCAA
Football
Premier League
Basketball
Baseball
Hockey
Golf
Tennis
Cricket
Rugby
Auto Racing
Olympics
World Cup
Sports
Athletes
MLB
NBA
NHL
NFL
Soccer
Sports Teams
WWE
NCAA
Football
Premier League
Basketball
Baseball
Hockey
Golf
Tennis
Cricket
Rugby
Auto Racing
Olympics
World Cup
Random Quiz
Search Sporcle
×
Quiz Lab
Quiz Lab
Sports
Basketball
Type in answers that appear in a list
Type in answers that appear in a list
Classic
Best Score? Go Orange.
Sports A Game Stats
Can you name the sports answers that begin with the letter 'A'?
By
Majesteetti
9m
30 Questions
89 Plays
89 Plays
89 Plays
Comments
Comments
Give Quiz Kudos
Give Quiz Kudos
-
- Ratings
hide this ad
More Info
Replay
Link that replays current quiz
Next Quiz
Link to next quiz in quiz playlist
You Got
0%
They Got
Avg Score
32%
Avg Friend Score
Upgrade to see
Score Distribution
Jump to the score distribution portion of the page
Score
0/30
Timer
09:00
0
Plays Today
Hint
Team/athlete
% Correct
Big Four teams
Oakland Athletics
88.8%
Premier League team (all time)
Arsenal
76.4%
Olympic host cities
Athens
75.3%
Olympic host cities
Atlanta
69.7%
Wimbledon tennis tournament singles winners (male and female)
Andre Agassi
61.8%
Premier League team (all time)
Aston Villa
57.3%
European Cup and UEFA Champions League winners
Aston Villa
57.3%
Wimbledon tennis tournament singles winners (male and female)
Arthur Ashe
53.9%
Olympic host cities
Amsterdam
51.7%
Big Four teams
Houston Astros
39.3%
NFL MVP winner
Ken Anderson
37.1%
NHL MVP winner
Tommy Anderson
37.1%
Big Four teams
Los Angeles Angels of Anaheim
36%
MLB MVP winner
Hank Aaron
33.7%
Big Four teams
Colorado Avalanche
32.6%
Hint
Team/athlete
% Correct
Olympic host cities
Antwerp
31.5%
European Cup and UEFA Champions League winners
Ajax
31.5%
Olympic host cities
Albertville
28.1%
NFL MVP winner
Marcus Allen
21.3%
MLB MVP winner
Dick Allen
21.3%
NBA MVP winner
Kareem Abdul-Jabbar
21.3%
Four or more Olympic gold medals
Simon Amman
4.5%
NHL MVP winner
Sid Abel
4.5%
Four or more Olympic gold medals
Thomas Alsgaard
2.2%
Four or more Olympic gold medals
Kjetil André Aamodt
2.2%
Four or more Olympic gold medals
Polina Astakhova
1.1%
Wimbledon tennis tournament singles winners (male and female)
Cilly Aussem
0%
Four or more Olympic gold medals
Nikolai Andrianov
0%
Four or more Olympic gold medals
Vladimir Artemov
0%
Four or more Olympic gold medals
Evelyn Ashford
0%
Quiz Playlist
Details
Report
Send in Message
Add To Playlist
More Info:
Last names are acceptable.
Classic:
Type in answers that appear in a list
Last Updated: Feb 16, 2017
Quiz Scoreboard
CHALLENGE
Sign Up to Join the Scoreboard
Show All
Scores
Hide
Comments
May contain spoilers
Recently Published
TV Characters by Other Roles V
by ghcgh
Television
5m
Decade Duel: World Leaders
by jenniferyan
History
4m
Alphabetical 'K' Countries by Flag Minefield
by ylime102
Geography
3m
More to Explore
Quiz From the Vault
Featured Blog Post
15 Basketball Trivia Facts You Can Be March Mad About
hide this ad
You Might Also Like...
Tags
Baseball Quiz
Basketball Quiz
Football Quiz
MLB Quiz
NBA Quiz
NFL Quiz
NHL Quiz
Olympics Quiz
Soccer Quiz
Tennis Quiz
Association Football
MLB MVP
NBA MVP
Sports History
Today's Top Quizzes in Sports
Browse Sports
hide this ad
Today's Top Quizzes in Basketball
Browse Basketball
Top Contributed Quizzes in Sports
1
Les joueurs à 100 buts en Ligue 1 Uber Eats
2
2022 World Cup Stars
3
Pick 6: NFL Teams
4
MLB 2 truths and a lie: Hall of Fame pitchers
5
Pick 6: Minor League Baseball
6
Millionaire: NBA Finals Edition
7
Pick 6: Olympics
8
50+ Goals in European Competition
9
Click the 1998 NBA Draft
10
Iconic Moments in Football - Multiple Choice
Explore More
Trending Topics
Marvel
Kpop
Disney
Anime
NBA
Harry Potter
Crossword
WWE
Song
NFL
The Office
Country
Puzzle
Soccer
Pokémon
hide this ad
More By:
Majesteetti
Quiz
Plays
Rating
Category
Featured
Created
Premier League players to have scored for 10+ seasons
9,997
4.74
Sports
Feb 4, 2013
'C' Premier League Blitz
559
4.10
Sports
Apr 26, 2013
Premier League S.P.O.R.C.L.E
504
4.86
Sports
Feb 7, 2013
'B' Premier League Blitz
483
3.09
Sports
Apr 16, 2013
'A' Premier League Blitz
448
4.00
Sports
Apr 9, 2013
Go to Creator's Profile
Score Distribution
Quiz Creator Spotlight
Majesteetti
Follow
Send a Message
Quizzes Created
-
Created Quiz Play Count
-
More By This Creator
Popular Quizzes Today
1
Countries of Asia Without Outlines Minefield
2
Find the US States - No Outlines Minefield
3
Pick 6: Fruits
4
The Countries of the World
5
Alphabetical 'K' Countries by Flag Minefield
6
Find the Countries of Europe - No Outlines Minefield
7
US States
8
Find the US States
More Sports Quizzes
Second Fiddle: Premier League Scorers
Editor's Pick
Trending Quizzes
Pick 6: Mountains
Pick 6: Harry Potter
Pick 6: Flags
Pick 6: NFL Teams
Pick 6: Movie Franchises
Recently Updated
Adaptations: Name the Title
pecheneg
NWSL Teams
pecheneg
Women's Final Four Teams by Year
bhenderson79
Presidents Quartet II
eogle
Anything But Clue(do)
eogle
Anything But Oceanian Capitals
eogle
Anything But 7
eogle
Anything But Thing
eogle
Word Ladder: February 29
pecheneg
Song Title Questions
pecheneg
Trending Topics
Disney
Harry Potter
Kpop
Marvel
Anime
Crossword
NBA
The Office
Song
Puzzle
Country
Soccer
NFL
WWE
Pokémon
Your Account Isn't Verified!
In order to create a playlist on Sporcle, you need to verify the email address you used during registration. Go to your
Sporcle Settings
to finish the process.
Report this User
Report this user for behavior that violates our
Community Guidelines
.
Details:
Send Report
Go to the Sporcle.com Mobile Site →
Comments